书目信息 |
| 题名: |
电化学分析仪器
|
|
| 作者: | 卢小泉 编著 | |
| 分册: | ||
| 出版信息: | 北京 化学工业出版社 2010.04 |
|
| 页数: | 248页 | |
| 开本: | 22cm | |
| 丛书名: | ||
| 单 册: | ||
| 中图分类: | TH832 | |
| 科图分类: | ||
| 主题词: | 分析仪器--成分分析 , 分析仪器 | |
| 电子资源: | ||
| ISBN: | 7-122-07789-6 | |
| 000 | 00616nam0 2200205 450 | |
| 001 | 1046759255 | |
| 005 | 20101215130116.68 | |
| 010 | @a7-122-07789-6@dCNY48.00 | |
| 100 | @a20101215d2010 km y0chiy0120 ea | |
| 101 | 0 | @achi |
| 102 | @aCN@b110000 | |
| 200 | 1 | @a电化学分析仪器@Adian hua xue fen xi yi qi@f卢小泉等编著@Flu xiao quan deng bian zhu |
| 210 | @a北京@c化学工业出版社@d2010.04 | |
| 215 | @a248页@d22cm | |
| 606 | 0 | @a分析仪器@x成分分析 |
| 606 | 0 | @a分析仪器 |
| 690 | @aTH832@v4 | |
| 701 | 0 | @a卢小泉@Alu xiao quan@4编著 |
| 801 | 0 | @aCN@b大连网信软件有限公司图书馆·11@c20101215 |
| 905 | @aZUCC@dTH832@eL792 | |
| 电化学分析仪器/卢小泉等编著.-北京:化学工业出版社,2010.04 |
| 248页;22cm |
| ISBN 7-122-07789-6:CNY48.00 |
| ● |
| 相关链接 |
|
|
|
正题名:电化学分析仪器
索取号:TH832/L792
 
预约/预借
| 序号 | 登录号 | 条形码 | 馆藏地/架位号 | 状态 | 备注 |
| 1 | 825617 | 208256171 | 材料与化工学院资料室/ [索取号:TH832/L792] | 在馆 |